01231nam a2200313 i 4500001001100000003000500011005001700016008004100033020003800074040002500112082001500137100005400152245022600206250002100432264005400453300003100507336002100538337002500559338002300584500006300607504003200670650002900702650002600731700002900757700003200786700002900818700003400847700003600881C2-0344449PPAK20251125153447.0251125s2024 my gr 0 dmay d a9789673889259cRM20.00qpaperback aPPAKbengcPPAKerda04a297.572230 aAbd Basit Abdul Rahman, cDato' Dr. Hj.,eauthor.10aTenang dengan Ujian : bMeraih Ketenangan yang Abadi /cDATO' DR. HJ. ABDUL BASIT HJ. ABDUL RAHMAN ; Editor Bahasa Alyaa Natasha, Nik Khairun Amalia ; Editor Syariah Faris Lokhman, Siti Hajar Hanisah, Nabilah Husna Ikhsan aEDISI KEMAS KINI 1aKuala Lumpur : bTELAGA BIRU SDN. BHD., c[2024?] axxiii, 144 pages ; c21 cm 2rdacontentatext 2rdamediaaunmediated 2rdacarrieravolume aContains verses from the Qur'an and quotes from the Hadith aBibliography: pages 139-14010aMuslimsxConduct of life20aReligious lifexIslam0 aAlyaa Natasha, eeditor.0 aNik Khairun Amaliaeeditor.0 aFaris Lokhman, eeditor.0 aSiti Hajar Hanisah, eeditor.0 aNabilah Husna Ikhsan, eeditor.